000 00574nam a2200205Ii 4500
001 10084
003 CO-ViMGA
008 241108s9999||||xx |||||||||||||| ||und||
040 _aCO-ViMGA
_bspa
_erda
_cCO-ViMGA
041 0 _aunk
082 0 4 _a823-M257
100 1 _aSamuel Beckett
_952003
245 1 0 _aMolloy
264 1 _a[Lugar de publicación no identificado] : Alianza, 1970
300 _avolumen
336 _atext
_btxt
_2rdacontent
337 _aunmediated
_bn
_2rdamedia
338 _avolume
_bnc
_2rdacarrier
940 _aidficha_siabuc: 9858. -- ficha_no_siabuc:10084
999 _c55184
_d55184